Röntgenové štúdium karbonátov Slovenska

Podrobná bibliografia
Hlavní autori: Ozdín, Daniel (Author), Bačík, Peter (Author)
Médium: Článok
Jazyk:Slovak
Témy:
Zdroj: 1. Mineralia slovaca 1. Roč. 42, č. 2 (2010) 1. 0369-2086
2. Príl.: 2. Geovestník 2. Č. 2 (2010), s. 252
LEADER 00834nab#a2200313#ar4500
001 000103416
003 SVKKK
005 20101221143611.0
008 080509c2010 xo |||||||||||||||b|slo
FMT
015 |a SNBRB2010/12 
038 |a SVKKK 
040 |a SVKKK  |b slo  |e AACR2 
041 0 |a slo 
044 |a xo  |c SK 
080 |a 552.54  |x (234.372.3)  |2 1997 
080 |a 549.9  |2 1997 
100 1 |a Ozdín, Daniel  |4 aut 
245 1 0 |a Röntgenové štúdium karbonátov Slovenska  |c D. Ozdín, P. Bačík 
650 0 4 |a karbonátové horniny  |x röntgenová difrakcia  |z Slovensko 
700 1 |a Bačík, Peter  |4 aut 
773 0 |t Mineralia slovaca  |g Roč. 42, č. 2 (2010)  |x 0369-2086 
773 0 |i Príl.:  |t Geovestník  |g Č. 2 (2010), s. 252 
974 |a Ni 
992 |a RBX 
BAS
852 |a SVKKK  |b BIB 
EXP
998 |a GEO